000 00702cam a2200217 4500
001 J100563
008 000000n1999 000 0 eng u
035 _a(Sirsi) u100215
041 _aENG
050 _a692.8
110 _aJoint Contracts Tribunal
_93664
245 _aSub-contract conditions articles of agreement 1980 edition. Domestic sub-contract DOM/1. Amendment 10 - July 1999.
260 _aLondon
_bConstruction Confederation
_c1999
300 _a4p. ; 30cm.
650 _aJCT STANDARD FORM OF BUILDING CONTRACT 1998
650 _aDOM/1
650 _aDOMESTIC SUB-CONTRACTS
650 _aSUB-CONTRACT CONDITIONS
690 _aBUILT ENVIRONMENT-BUILDING CONTRACT FORMS
942 _n0
999 _c99654
_d99654